| Tag |
First Indicator |
Second Indicator |
Subfields |
| LEADER |
00000cam a2200000 i 4500 |
| 001 |
in00000763813 |
| 005 |
20151017050830.0 |
| 008 |
780203s1977 dcua b 00010 eng d |
| 020 |
|
|
|a 0871730774
|
| 035 |
|
|
|a (OCoLC)03602130
|
| 035 |
|
|
|9 ADK2820AM
|
| 040 |
|
|
|a GUA
|c GUA
|d m.c.
|d TXA
|d UtOrBLW
|
| 049 |
|
|
|a TXAM
|c [A12675787]
|
| 050 |
|
4 |
|a HQ789
|b .S90 1977
|
| 100 |
1 |
|
|a Suchara, Helen T.
|
| 245 |
1 |
4 |
|a The child's right to humane treatment :
|b [a position paper written for the Association for Childhood Education International /
|c by Helen T. Suchara].
|
| 264 |
|
1 |
|a Washington, D.C. :
|b Association for Childhood Education International,
|c [1977]
|
| 264 |
|
4 |
|c ©1977
|
| 300 |
|
|
|a [291]-296 pages :
|b illustrations ;
|c 25 cm.
|
| 336 |
|
|
|a text
|b txt
|2 rdacontent
|
| 337 |
|
|
|a unmediated
|b n
|2 rdamedia
|
| 338 |
|
|
|a volume
|b nc
|2 rdacarrier
|
| 504 |
|
|
|a Bibliography: page 296.
|
| 500 |
|
|
|a Cover title.
|
| 650 |
|
0 |
|a Children.
|
| 650 |
|
0 |
|a Children's rights.
|
| 710 |
2 |
|
|a Association for Childhood Education International.
|
| 999 |
|
|
|a MARS
|
| 999 |
f |
f |
|s 99f4d368-c2f9-3f8f-84fd-044d3fc9aa6b
|i 37e1504c-cfd0-3b49-9bb2-2c3c3a87cbf6
|t 0
|
| 952 |
f |
f |
|p ric
|a Texas A&M University
|b Rellis Campus
|c Joint Library Facility
|d Remote Storage
|t 0
|e HQ789 .S90 1977
|h Library of Congress classification
|i unmediated -- volume
|m A14812675787
|
| 998 |
f |
f |
|a HQ789 .S90 1977
|t 0
|l Remote Storage
|